| 000 | 01615cab a2200229 4500 | ||
|---|---|---|---|
| 001 | L129925 | ||
| 008 | 050606n2005 000 0 eng u | ||
| 035 | _a(Sirsi) u129925 | ||
| 041 | _aeng | ||
| 100 | _aPugh-Smith, John | ||
| 245 | _aRecent developments in planning case law | ||
| 260 | _c2005 | ||
| 490 |
_aJournal of Planning and Environment Law _vJune 2005, 722-735(13) |
||
| 520 | _aSummarises trends in the case law affecting land-use planning over the past 12 months up to February 2005. Refers to the changes to be ushered in by the Planning and Compulsory Purchase Act 2004 and the increasing influence of the Commission and the European Court of Justice in the field of environmental regulation. The article examines case law relating to: environmental impact assessment; the continuing judicial containment of the impact of the Human Rights Act 1998 (save in the case of gypsies); the courts' consideration of Crown exemption from planning control; the need for due process by local planning authorities in their administration of the planning process; enforcement issues; and guidance on the interpretation of s106 agreements. Ends with comments on the reversion of the planning application appeal period to six months and the new streamlined PPS1 "Delivering sustainable development". | ||
| 590 | _aIKA070605 | ||
| 650 | _aPLANNING AND COMPULSORY PURCHASE ACT 2004 | ||
| 650 | _aPLANNING POLICY STATEMENT ONE | ||
| 650 | _aHUMAN RIGHTS ACT 1998 | ||
| 650 | _aTOWN AND COUNTRY PLANNING ACT 1990 S106 | ||
| 690 | _aENVIRONMENTAL AND LAND CONSULTANCY-PLANNING AND DEVELOPMENT | ||
| 942 | _n0 | ||
| 999 |
_c75351 _d75351 |
||